000 00269nam a2200121 a 4500
005 20140414093839.0
008 050820s19uu xx 00 eng d
050 _aCD 780
_bOR #35
245 _aDisco hits 2002.
260 _cc199_.
942 _cAVM
999 _c109204
_d109204